01001cam a22003494i 4500003000900000005001700009008004100026035001900067040003300086082002300119100003000142245015100172264002900323300005700352336002100409337002500430338002300455526000900478526000900487526000900496526000900505526000900514526000900523526000800532526000800540526000800548526000800556526000800564526000800572650004000580651003100620PE-LiUPU20250731184546.0150625s r 000 0 d a(Sirsi) a31741 aPE-LiUPUbspacPE-LiUPUerda04a935 / CSbCH182211 aChampdor, Albert,eautor.10aBabilonia /cAlbert Champdor ; introduccion de Elsa Coult ; nota preliminar del J. M. Millas Vallicrosa ; [traduccion del ingles por Jaime Elias]. 1aBarcelona :bAyma,c1963 a206 páginas :bmapas, placas. ;c21 centímetros. atext2rdacontent aunmediated2rdamedia avolume2rdacarrier aP136 aP135 aP134 aP133 aP144 aP143 aP87 aP35 aP20 aP14 aP10 aP0614aCivilización Asirio-Babilónica. 4aBabilonia (Ciudad extinta)